| 000 | 00445nam a2200145Ia 4500 | ||
|---|---|---|---|
| 008 | 151213s9999 xx 000 0 und d | ||
| 100 | _aStrong, William & Lester, Mark | ||
| 245 |
_aWriter’s choice: _bGrammar & composition _cStrong, William & Lester, Mark |
||
| 260 |
_aNew York _bMcGraw hill _c1996 |
||
| 300 | _a1797 p. | ||
| 650 | _aEnglish Language | ||
| 650 | _aEnglish Language | ||
| 700 | _aStrong, William & Lester, Mark | ||
| 999 |
_c1318 _d1318 |
||